000 00777nam a2200229Ia 4500
003 GCL
008 140319s9999 xx 000 0 ara d
020 _a6308902192
040 _aGCL /
_cGCL
082 0 4 _a576.53
_bا ج
100 1 _aاحمد مستجير
245 1 0 _aالجينوميات والصحة فى العالم :
_bTHE ADVISORY COMMITTEE ON HEALTH RESEARCH GENOMICE AND WORLD HEALTH /
_cاحمد مستجير
260 _aالقاهرة :
_bمنظمة الصحة العالمية ،
_c2004
300 _a272 ص ؛
_c24 سم
650 0 4 _aالرعاية الصحية
650 0 4 _aالسرطان
650 0 4 _aالهندسة الوراثية
650 0 4 _aالشيخوخة
650 0 4 _aالاستنساخ
650 0 4 _aالجينوم
942 _2ddc
_cBK
999 _c8663
_d8663